000 00498nam a2200169Ia 4500
999 _c23379
_d23379
003 OSt
005 20200206140857.0
008 190216s9999||||xx |||||||||||||| ||und||
040 _coclc
082 _a297.1229
_bMOU/S
100 _aMoudoodi, Abul Ala
_91860
245 0 _aSoorathul Kahf /
_c Abul Ala Moudoodi
260 _bIslamic Publishing House,
_c2016.
_aKozhikode:
300 _a64p
650 _aIslamic History
942 _cBK
_2ddc
_h297.1229
_iMOU/S
_k297.1229
_mMOU/S